000 00759nam a2200217 a 4500
001 000040323
005 20201002034046.0
008 130821s2005 mx 000 0 spa d
020 _a9703212220
040 _aDO-SdBNP
_bspa
_cBNPHU
100 1 _aOrtiz de Montellano, Bernard
_966614
245 3 _aEl Caso de mi Amigo Alfazeta /
_cBernardo Ortiz de Montellano ; viñetas de Luis García Robledo.
260 _aMéxico :
_bUniversidad Nacional Autónoma de México,
_c2005.
300 _a31 p. ;
_c22 cm.
490 1 _aLunes
_v21
500 _aIncluye datos biográficos del autor p. 3
533 _aFacsímil:
_bMéxico
_d1946
700 1 _aGarcía Robledo, Luis
_966615
712 0 _aUniversidad Nacional Autónoma de México
830 0 _aLunes
_v21
_966616
999 _c39813
_d39813